Business Organization and Management/ (Record no. 186416)

MARC details
000 -LEADER
fixed length control field 00643nam a22001937a 4500
005 - DATE AND TIME OF LATEST TRANSACTION
control field 20220228110614.0
010 ## - LCCN (DPL NO)
LC control number ENG-131819
020 ## - INTERNATIONAL STANDARD BOOK NUMBER
International Standard Book Number 9789388096447
Terms of availability 232.00
035 ## - SYSTEM CONTROL NUMBER
System control number EN-115351
037 ## - SOURCE OF ACQUISITION
Source of stock number/acquisition DBAD/PUB
082 ## - DEWEY DECIMAL CLASSIFICATION NUMBER
Classification number 658.1
245 ## - TITLE STATEMENT
Title Business Organization and Management/
Statement of responsibility, etc B.E.V.L. Naidu [et.al...]
250 ## - EDITION STATEMENT
Edition statement Revised Edition
260 ## - PUBLICATION, DISTRIBUTION, ETC. (IMPRINT)
Place of publication, distribution, etc Hyderabad
Name of publisher, distributor, etc SevenHills International Publishers
Date of publication, distribution, etc 2021
270 ## - ADDRESS
City Hyderabad
Address # 326/C, Level-4, Surneni Nilayam Near B K Guda Park, S R Nagar
Postal code 500038
300 ## - PHYSICAL DESCRIPTION
Extent xvi, 328p.
Dimensions 24cm(pbk)
700 ## - ADDED ENTRY--PERSONAL NAME
Personal name Naidu, B.E.V.L. [et.al...]
942 ## - ADDED ENTRY ELEMENTS (KOHA)
Source of classification or shelving scheme Dewey Decimal Classification
Item type English Books
Classification part 658.1
Call number suffix NAI
Holdings
Withdrawn status Lost status Not for loan Collection code Home library Current library Date acquired Source of acquisition Cost, normal purchase price Full call number Barcode Copy number Cost, replacement price Koha item type
      Non-fiction Patel Nagar Patel Nagar 28/02/2022 DBAD/PUB 232.00 658.1 NAI EN-115351 1 232.00 English Books

© Delhi Public Library
Hit Counter
free hit counter